| 000 | 00879nam a22001817a 4500 | ||
|---|---|---|---|
| 003 | JO-AjAnu | ||
| 005 | 20240813120906.0 | ||
| 008 | 240813b jo ||||| |||| 00| 0 ara d | ||
| 020 | _a9789923258453 | ||
| 040 |
_aJO-AjAnu _bARA _cJO-AjAnu |
||
| 041 | _hARA | ||
| 111 |
_aالمؤتمر العلمي السادس لكلية الأعمال / الاقتصاد الرقمي : الواقع والطموح ،جامعة عجلون الوطنية / كلية الأعمال (27-28) / 7 / 2024 _966142 |
||
| 245 |
_aالاقتصاد الرقمي الواقع والطموح _c/ المؤتمر العلمي السادس لكلية الأعمال (27-28) / 7 / 2024 ، الجزء الثاني |
||
| 260 |
_aعجلون : _bجامعة عجلون الوطنية-كلية الأعمال , _c2024 |
||
| 300 | _a932 ورقة | ||
| 650 | _vالاقتصاد الرقمي | ||
| 942 |
_2lcc _cREF _n0 |
||
| 999 |
_c33643 _d33643 |
||